Regions of Asia - Statistics

General Stats
  • This quiz has been taken 31 times
  • The average score is 45 of 49
Answer Stats
Country % Correct
Kazakhstan
100%
Afghanistan
96%
Bangladesh
96%
Brunei
96%
China
96%
India
96%
Indonesia
96%
Japan
96%
Nepal
96%
North Korea
96%
Pakistan
96%
Philippines
96%
South Korea
96%
Taiwan
96%
Thailand
96%
Turkey
96%
Turkmenistan
96%
Uzbekistan
96%
Vietnam
96%
Yemen
96%
Armenia
92%
Azerbaijan
92%
Bahrain
92%
Bhutan
92%
Cambodia
92%
Jordan
92%
Kyrgyzstan
92%
Laos
92%
Malaysia
92%
Saudi Arabia
92%
Singapore
92%
Sri Lanka
92%
Syria
92%
Tajikistan
92%
Timor Leste
92%
Georgia
88%
Iraq
88%
Israel
88%
Kuwait
88%
Lebanon
88%
Maldives
88%
Mongolia
88%
Myanmar
88%
Oman
88%
Iran
84%
Qatar
84%
United Arab Emirates
84%
Cyprus
80%
Palestine
76%
No matching quizzes found
Score Distribution
Percent of People with Each Score
Percentile by Number Answered
Your Score History
You have not taken this quiz